00221nam a2200085Ia 4500001000800000005001700008008004100025245004300066260002600109125309220251031150947.0251031s9999 xx 000 0 und d 0cAYTÜL AKALaU-4 KIZIM BEN ÇOCUKKEN bUÇANBALIK YAYINLARI